00687 2200241 4500001002100000005001500021035002000036007000300056008004100059020002200100082000800122084001400130100002600144245008600170250001000256260004100266300002800307650003200335700002800367520002600395990001200421990001200433INLIS00000000000184720180402025045 a0010-0418000004ta180402 g 0 ind  a978-979-592-684-9 a297 a297 ABU o0 aABU, Muhammad Waskito1 aOrang Indonesia Banyak Masuk Surga /cA.M Waskito; editor, Tim Pustaka Al-Kautsar acet.1 aJakarta :bPustaka Al-Kautsar,c2014 axiv, 293 hlm. ;c21 cm. aISLAM SEBAGAI PEDOMAN HIDUP0 aTIM, Pustaka Al-Kautsar abibliografi: hlm. 293 a16498 a a16498 b